000 00357nam a2200157Ia 4500
008 210210b1961 xxu||||| |||| 00| 0 eng d
041 _aeng
082 _a825/507
100 _aKONVITZ
245 _aEmerson
260 _aLondon
_bPrentice-Hall Inc
_c1961
650 _aEmerson
690 _aEnglish Criticism
700 _aWHICHER Ed
906 _a014823
999 _c134047
_d134047